000 00432nam a2200205Ia 4500
008 161027s9999||||xx |||||||||||||| ||und||
040 _cEnglish Praknit
082 _aX.B
082 _bBORI-11123
260 _aUppsala
260 _c1922
300 _a210
300 _cC
300 _ePaperback
530 _u000095997.pdf
563 _aText
650 _aBuddhism - Jainism
650 _aJainism
942 _cBOOK
999 _c1400734
_d1400731